00418nam a2200121Ia 4500008004100000020001800041082001100059100002500070245002400095942004900119999001900168952010900187220714s9999 xx 000 0 und d a1-870451-05-8 aEF HUB aHubbard, L Ron91781 0aVillainy Victorious cBKw561xJohn Tresiddery561zJohn Tresidder c720838d720837 00104070aGERALbGERALd2022-07-14g47.80l0p33228 001661279r2022-07-14w2022-07-14yBKz61651394/54